Water Supply and sanitary engineering (Record no. 9731)

000 -LEADER
fixed length control field 00297nam a2200121 4500
003 - CONTROL NUMBER IDENTIFIER
control field OSt
005 - DATE AND TIME OF LATEST TRANSACTION
control field 20211223181757.0
008 - FIXED-LENGTH DATA ELEMENTS--GENERAL INFORMATION
fixed length control field 211223b ||||| |||| 00| 0 eng d
110 ## - MAIN ENTRY--CORPORATE NAME
Corporate name or jurisdiction name as entry element Rangawala
245 ## - TITLE STATEMENT
Title Water Supply and sanitary engineering
260 ## - PUBLICATION, DISTRIBUTION, ETC. (IMPRINT)
Place of publication, distribution, etc India
Date of publication, distribution, etc Charotar Publishing
942 ## - ADDED ENTRY ELEMENTS (KOHA)
Source of classification or shelving scheme
Holdings
Withdrawn status Lost status Source of classification or shelving scheme Damaged status Not for loan Permanent location Current location Date acquired Barcode Date last seen Price effective from Koha item type
          BMS College of Architecture, Design and Planning BMS College of Architecture, Design and Planning 2021-12-23 AR-DB101 2021-12-23 2021-12-23 Donated Book
Copyright © 2025, The Librarian, Library and Information Centre, BMSCA D&P, Bengaluru. All Rights Reserved
web counter

Powered by Koha